Female Singers by Drawing - Statistics

General Stats
  • This quiz has been taken 122 times
  • The average score is 11 of 16
Answer Stats
Picture Answer % Correct
Rihanna
97%
Taylor Swift
96%
Ariana Grande
95%
Billie Eilish
91%
Britney Spears
82%
Olivia Rodrigo
81%
Dua Lipa
80%
Shakira
78%
Camila Cabello
74%
Whitney Houston
72%
Lana Del Rey
66%
Ke$ha
48%
Lorde
44%
Charli XCX
39%
Ava Max
30%
Carly Rae Jepsen
22%
No matching quizzes found
Score Distribution
Percent of People with Each Score
Percentile by Number Answered
Your Score History
You have not taken this quiz